[Event "Saratov Region-ch Seniors"]
[Site "Saratov"]
[Date "2017.11.07"]
[Round "7"]
[White "Polyakov, Petr"]
[Black "Buravlev, Yuriy"]
[Result "1-0"]
[WhiteElo "1674"]
[BlackElo "1786"]
[PlyCount "69"]
[EventDate "2017.11.01"]
[EventType "swiss"]
[EventRounds "9"]
[EventCountry "RUS"]
[SourceTitle "EXT 2019"]
[Source "ChessBase"]
[SourceDate "2018.10.10"]
[SourceVersion "1"]
[SourceVersionDate "2018.10.10"]
[SourceQuality "1"]

1. d4 Nf6 2. d5 d6 3. c4 g6 4. Nc3 Bg7 5. e4 0-0 6. Bd3 e5 7. Nge2 Nbd7 8. 0-0 Nc5 9. Bc2 a5 10. f4 exf4 11. Bxf4 Re8 12. Ng3 h5 13. Bg5 c6 14. Qf3 Ncd7 15. Qf4 Re5 16. c5 Qe7 17. Rad1 dxc5 18. Ba4 Ra6 19. Bb3 c4 20. d6 Qe6 21. Bc2 b5 22. h3 b4 23. Nce2 c5 24. Ba4 Rxd6 25. Rxd6 Qxd6 26. Bxd7 Nxd7 27. Qxf7+ Kh8 28. Bf4 c3 29. Bxe5 Qxe5 30. bxc3 Nf6 31. Qxg6 Be6 32. Nf5 Bxf5 33. Rxf5 Qxe4 34. Rxh5+ Nxh5 35. Qxe4 1-0